00185nam a2200073Ia 4500082000800000245001800008100004400026008004100070 aCAL 0aWoestyn sing  a CALITZ-BEKKER, Rika Pretoria, 1994 210817s9999 xx 000 0 und d